01229nam a2200313Ia 4500001001200000003000800012006001900020007001500039008004100054010001700095020001500112020001800127040002100145035002100166050002200187100001900209245012800228260004800356300001400404504005100418533015200469650004800621650002900669650002800698655002900726710001700755856012600772999001700898ebr10279066CaPaEBRm u cr cn|||||||||780522s1979 nyu sb 001 0 eng d z 78017870  z0195024532 z9780195024531 aCaPaEBRcCaPaEBR a(OCoLC)25258382314aPS166b.G8 1979eb1 aGunn, Giles B.14aThe interpretation of othernessh[electronic resource] :bliterature, religion, and the American imagination /cGiles Gunn. aNew York :bOxford University Press,c1979. ax, 250 p. aIncludes bibliographical references and index. aElectronic reproduction.bPalo Alto, Calif. :cebrary,d2009.nAvailable via World Wide Web.nAccess may be limited to ebrary affiliated libraries. 0aAmerican literaturexHistory and criticism. 0aReligion and literature. 0aReligion in literature. 7aElectronic books.2local2 aebrary, Inc.40uhttp://site.ebrary.com/lib/rucke/Doc?id=10279066zAn electronic book accessible through the World Wide Web; click to view c19287d19287